01662cam a22003857a 4500003000500000005001700005008004100022010001000063011001000073035001000083040000900093090001800102100004800120245006300168260007700231300001800308490003400326590004100360590004100401590004100442590004200483650003900525650002300564700003500587830003400622901000700656942000900663949005500672949005700727949005700784999001700841952013600858952014100994952014101135CHAP20220817043054.0971010s1984 r 00010 d a64688 a65660 a72905 cCHAP aFolleto 1020900aFarías Fernández, José Manuel.93978913aEl mijo perlab: un nuevo forraje para la Comarca Lagunera aMatamoros, Coah. :bINIA. Campo Agrícola Experimental La Laguna,c1984 a9 p.b: ilus. 0aFolleto para productoresv; 8 aBATCH-UPDb10c20130110lUCH01h0620 aBATCH-UPDb10c20130410lUCH01h0303 aBATCH-UPDb10c20130914lUCH01h1353 aCONVERSIONb10c20130109lUCH01h133514aForrajesxComarca Lagunera.94256214aMijo perla.9756660 aFaz Contreras, Rodolfo.9398860 aFolleto para productoresv; 8 aBK cFOLL aFolleto 10209bBCcFOLLd-145117eTS1i72905mDsi aFolleto 10209bBCcFOLLd-145119eTS2fc.2i72905si aFolleto 10209bBCcFOLLd-145121eTS2fc.3i72905si c64688d64688 00102local4051708FOLLaBCbBCcPA_FOLLETOSd2012-12-17fFOLLl0oFolleto 10209p-145117r2019-12-31 00:00:00w2012-12-17yFOLL 00102local4053708FOLLaBCbBCcPA_FOLLETOSd2012-12-17fFOLLl0oFolleto 10209p-145119r2019-12-31 00:00:00tc.2w2012-12-17yFOLL 00102local4053708FOLLaBCbBCcPA_FOLLETOSd2012-12-17fFOLLl0oFolleto 10209p-145121r2019-12-31 00:00:00tc.3w2012-12-17yFOLL